| 000 | 01449aam a2200325 i 4500 | ||
|---|---|---|---|
| 999 |
_c45670 _d45670 |
||
| 001 | 768714001 | ||
| 003 | CO-MdFUSB | ||
| 005 | 20201016110849.0 | ||
| 007 | ta | ||
| 008 | 200511t1894 enk |||| |||| 00| 0 eng d | ||
| 020 | _a[No incluye ISBN] | ||
| 040 |
_bspa. _aCO-MdFUSB _cCO-MdFUSB _dCO-MdFUSBC _erda |
||
| 041 | _aeng | ||
| 082 |
_223 _a225.9 _bH821 |
||
| 100 | 1 |
_aHort, Fenton John Anthony _eautor |
|
| 245 | 1 | 0 |
_aJudaistic christianity : _ba course of lectures _c/ Fenton John Anthony Hort |
| 264 | 1 |
_aCambridge, Inglaterra : _bMacmillan Publishing, _c[1894] |
|
| 264 | 4 | _c© 1894 | |
| 300 |
_a222 páginas _c; 23 cm |
||
| 336 |
_atexto _btxt _2rdacontent |
||
| 337 |
_2rdamedia _asin mediación _bn |
||
| 338 |
_2rdacarrier _avolumen _bnc |
||
| 490 | _aNineteenth Century Collections Online: Religion, Society, Spirituality, and Reform | ||
| 505 | _aCristo y la ley - La iglesia primitiva en Jerusalén - La iglesia de Antioquía - La actividad independiente de San Pablo - San Pablo en Jerusalén y las epístolas de la cautividad romana - Las epístolas pastorales - Santiago, 1 Pedro, Hebreos, Apocalípsis - La iglesia de Jerusalén de Tito a Adriano - Los judaizantes de las epístolas ignacianas - Cerinto, 'Bernabé', Justino Mártir - Ebionitas palestinos | ||
| 563 | _aPasta dura | ||
| 630 | 7 |
_aBiblia. _pNuevo Testamento _xCrítica, interpretación, etc. |
|
| 942 | _cBK | ||
| 945 | _aJTF-925 | ||